| 000 | 01190nam a22003617a 4500 | ||
|---|---|---|---|
| 003 | CHAP | ||
| 005 | 20220329133022.0 | ||
| 008 | 971013s1990 r 00010 d | ||
| 010 | _a1338 | ||
| 011 | _a2310 | ||
| 035 | _a1503 | ||
| 040 | _cCHAP | ||
| 090 | _aTesis | ||
| 100 | 0 | 0 |
_aNavas Arboleda, Alejandro Alberto. _980608 |
| 245 | _aSelección en cruzas interraciales tropicales de maíz de México para adaptación a valles altos | ||
| 260 |
_aMontecillo, Méx. : _bEl autor, _c1990 |
||
| 300 |
_a80 h. _b: cuadros |
||
| 500 | _a41-107 | ||
| 502 | _aTesis (M.C. Esp. en Genética). --C.P. Centro de Genética | ||
| 590 |
_aALEPH _b10 _c20130110 _lUCH01 _h1207 |
||
| 590 |
_aBATCH-UPD _b10 _c20130110 _lUCH01 _h1206 |
||
| 590 |
_aBATCH-UPD _b10 _c20130410 _lUCH01 _h0747 |
||
| 590 |
_aBATCH-UPD _b10 _c20130913 _lUCH01 _h1926 |
||
| 590 |
_aCONVERSION _b10 _c20130109 _lUCH01 _h1302 |
||
| 650 | 1 | 4 |
_aAdaptación vegetal. _9880 |
| 650 | 1 | 4 |
_aMaíz _xHíbridos. _970974 |
| 650 | 1 | 4 |
_aMaíz _xTrópicos. _971076 |
| 650 | 1 | 4 |
_aMaíz _zMéxico. _971098 |
| 901 | _aBK | ||
| 942 | _cFOLL | ||
| 949 |
_bBC _cTES _d-10989 _eTS1 _h23214 _i1503 _si |
||
| 949 |
_bBC _cTES _d-72497 _eTS2 _fc.2 _h23215 _i1503 _si |
||
| 999 |
_c1338 _d1338 |
||